Central Library OPAC University of Rajshahi

আরণ্য জনপদে / (Record no. 37711)

MARC details
000 -LEADER
fixed length control field 00869nam a2200241 a 4500
001 - CONTROL NUMBER
control field 37711
003 - CONTROL NUMBER IDENTIFIER
rucl marc code BD-RjUL
005 - DATE AND TIME OF LATEST TRANSACTION
control field 20211209052634.0
008 - FIXED-LENGTH DATA ELEMENTS--GENERAL INFORMATION
fixed length control field 150305s1966 bg a|||| b||| 00| 0 ben d
035 ## - SYSTEM CONTROL NUMBER
System control number (BD-RjUL)37815
040 ## - CATALOGING SOURCE
Original cataloging agency BD-RjUL
Language of cataloging ben
Transcribing agency BD-RjUL
Modifying agency BD-RjUL
041 ## - LANGUAGE CODE
Language code of text/sound track or separate title ben
082 ## - DEWEY DECIMAL CLASSIFICATION NUMBER
Edition number 21
Classification number 307.772095492
Author mark and year SAA 1966
100 ## - MAIN ENTRY--PERSONAL NAME
Personal name সাত্তার, আবদুস
9 (RLIN) 116229
245 ## - TITLE STATEMENT
Title আরণ্য জনপদে /
Statement of responsibility, etc. আবদুস্ সাত্তার
250 ## - EDITION STATEMENT
Edition statement ১ম. সং.
260 ## - PUBLICATION, DISTRIBUTION, ETC. (IMPRINT)
Place of publication, distribution, etc. ঢাকা :
Name of publisher, distributor, etc. জলি বুকস,
Date of publication, distribution, etc. ১৯৬৬
300 ## - PHYSICAL DESCRIPTION
Pagination ৪১৮ পৃ. :
Illustrations চিত্র ;
Size ২২ সেমি.
504 ## - BIBLIOGRAPHY, ETC. NOTE
Bibliography, etc গ্রন্থপঞ্জী সংযুক্ত।
650 ## - SUBJECT ADDED ENTRY--TOPICAL TERM
Topical term or geographic name as entry element উপজাতি
Geographic subdivision বাংলাদেশ
9 (RLIN) 116230
Topical term or geographic name as entry element Tribes
Geographic subdivision Bangladesh
9 (RLIN) 116231
942 ## - ADDED ENTRY ELEMENTS (KOHA)
Source of classification or shelving scheme Dewey Decimal Classification
Koha item type Books
Holdings
Lost status Source of classification or shelving scheme Damaged status Not for loan Collection code Permanent Location Current Location Shelving location Date acquired Source of acquisition Total Checkouts Full call number Date last seen Date checked out Copy number Koha item type Cost, normal purchase price
  Dewey Decimal Classification     Non-fiction Central Library, University of Rajshahi Central Library, University of Rajshahi   05/03/2015 Idial 1 B 307.772095492 SAA 1966 12/03/2015 07/03/2015 C-2 Books  
  Dewey Decimal Classification     Non-fiction Central Library, University of Rajshahi Central Library, University of Rajshahi   11/02/1967 Nawrage 1 B 307.772095492 SAA 1966 08/07/2015 04/07/2015 C-3 Books 15.00
  Dewey Decimal Classification     Non-fiction Central Library, University of Rajshahi Central Library, University of Rajshahi   11/12/1967 Nawroge 1 B 307.772095492 SAA 1966 03/12/2017 22/11/2017 C-4 Books 15.00
  Dewey Decimal Classification     Non-fiction Central Library, University of Rajshahi Central Library, University of Rajshahi   28/11/1966 N/A 1 B 307.772095492 SAA 1966 28/08/2019 25/08/2019 C-5 Books 0.00
  Dewey Decimal Classification     Non-fiction Central Library, University of Rajshahi Central Library, University of Rajshahi   12/06/1968 Nawroge   B 307.772095492 SAA 1966 30/10/2016   C-6 Books 15.00
  Dewey Decimal Classification     Non-fiction Central Library, University of Rajshahi Central Library, University of Rajshahi   11/02/1967 Nawroge kitabstan, Dhaka 3 B 307.772095492 SAA 1966 20/01/2022 05/01/2022 C-7 Books 15.00
  Dewey Decimal Classification   Not For Loan Non-fiction Central Library, University of Rajshahi Central Library, University of Rajshahi Reading Room 12/06/1968 Nowroz   B 307.772095492 SAA 1966 06/09/2021   C-1 Books 14.00
  Dewey Decimal Classification     Non-fiction Central Library, University of Rajshahi Central Library, University of Rajshahi   11/02/1967 Nowroz katabistan 1 B 307.772095492 SAA 1966 23/05/2022 06/04/2022 C-8 Books 15.00